000 00256nam a2200097Ia 4500
001 696150
005 20250826162007.0
008 250824s9999 xx 000 0 und d
245 0 _aTÜRKAN TEK VE TEK BAŞINA/A.KULİN/EVEREST
_cAYŞE KULİN
260 _bEVEREST
999 _c696150
_d696150